Vybrané problémy monitorovania stavu mostov prostredníctvom merania vibrácií

Uložené v:
Podrobná bibliografia
Hlavný autor: Venglár, Michal (Autor)
Ďalší autori: (Vedúci práce)
Médium: Rukopis Kniha
Jazyk:Slovak
Vydavateľské údaje: 2024
Predmet:
On-line prístup:http://is.stuba.sk/zp/portal_zp.pl?podrobnosti_zp=99090
Tagy: Pridať tag
Žiadne tagy, Buďte prvý, kto otaguje tento záznam!

MARC

LEADER 00000ntm a22000003a 4500
001 stuzp99090
003 SK-STU
005 20240629212616.2
007 ta
008 150427s2015----xo-----f-mn---000-0-slo-d
040 |a STU  |b slo 
041 0 |a slo 
100 1 |a Venglár, Michal  |u 010250  |k Z1  |4 aut  |U SvF Stavebná fakulta  |T SvF Katedra stavebnej mechaniky  |X 66934  |U V250  |Y 26  |7 A000066934 
242 0 1 |a Selected problems of bridge structural health monitoring by vibration measurement  |y eng 
245 1 0 |a Vybrané problémy monitorovania stavu mostov prostredníctvom merania vibrácií 
260 |c 2024 
650 4 |a monitorovanie stavu konštrukcií  |2 slo 
650 4 |a meranie vibrácií  |2 slo 
650 4 |a dynamické parametre  |2 slo 
650 4 |a structural health monitoring  |2 eng 
650 4 |a vibration measurement  |2 eng 
650 4 |a dynamic parameters  |2 eng 
700 1 |a ,  |4 ths  |X null  |7 null 
856 4 |u http://is.stuba.sk/zp/portal_zp.pl?podrobnosti_zp=99090 
996 |b 284V038177  |c V* 3512/HP-268  |l VVS  |s P  |a 0  |w stuzp99090_0001